00812nam a22001697a 4500003000900000008004100009040007100050082002600121245009100147260003000238300002800268440006300296505021200359650001600571650002300587650003200610AR-CdUCM190425b ||||| |||| 00| 0 spa d aMUNICIPALIDAD PROVINCIAL DEL CUSCOcBIBLIOTECA MUNICIPAL DEL CUSCO aEstudiante/N°49/1940 aEl estudiante :bÓrgano de los Estudiantes Dominicos del Estudio General del Cuzco / aCusco.bH.G.Rozas,c1940. a85 páginas. :c24 cm. aEl estudiante.nAño IX, N°49,50,51, enero a junio 1940. aContenido: La ciencia de Dios. -- Unas ideas sobre la trinidad. -- Solo Dios constituye la perfecta bienaventuranza. -- El pecado es el mayor de los males. -- Canonización del Beato Martín de Porres. ... aCatolicismo aIglesia católica aEvangelización católica